| 000 | 01184cam a2200337 a 4500 | ||
|---|---|---|---|
| 001 | 3042 | ||
| 003 | FISKH | ||
| 005 | 20240131154744.0 | ||
| 008 | 090320s2009 nyu c 000 1 eng | ||
| 010 | _a 2009011125 | ||
| 020 | _a9780545166881 (hardcover) | ||
| 020 | _a0545166888 (hardcover) | ||
| 020 | _a9780545178167 | ||
| 040 |
_aDLC _cDLC _dDLC _beng |
||
| 042 | _alcac | ||
| 050 | 0 | 0 |
_aPZ7.S65766 _bTen 2009 |
| 082 | 0 | 0 |
_a[Fic] _222 |
| 100 | 1 |
_aSmith, Roland, _d1951- |
|
| 245 | 1 | 0 |
_aTentacles / _cRoland Smith. |
| 250 | _aThis edition first printing, February 2011 | ||
| 260 |
_aNew York : _bScholastic, _c2009. |
||
| 300 |
_a319 pages : _c20 cm |
||
| 500 | _aSequel: Chupacabra. | ||
| 520 | _aAfter the mysterious disappearance of their parents, Marty and Grace go to live with their scientist uncle and accompany him on, what soon becomes, an increasingly dangerous expedition to New Zealand to track a giant squid. | ||
| 650 | 1 |
_aAdventure and adventurers _vFiction. |
|
| 650 | 1 |
_aGiant squids _vFiction. |
|
| 650 | 1 |
_aSquids _vFiction. |
|
| 650 | 1 | _aMystery and detective stories. | |
| 906 |
_a7 _bcbc _corignew _d1 _eecip _f20 _gy-gencatlg |
||
| 942 |
_2ddc _cBK _n0 |
||
| 999 |
_c3042 _d3042 |
||